000 00447nam a22001697a 4500
003 NUST - PNEC
005 20170116181148.0
008 151014b xxu||||| |||| 00| 0 eng d
020 _a5859674
040 _cLIBRARY
082 _a658.3 TAY
100 _915199
_aTaylor,H James
245 _aPersonnel Administration Evaluation and Executive Control
_cJames H Taylor
260 _cc 1959
650 _915200
_a-
_xGeneral
942 _2ddc
_cBK
999 _c70815
_d70815